[Event "VIII. hagymatikum Kupa „B”"]
[Site "Makó, Korona Hotel"]
[Date "2019.06.02"]
[Round "6.1"]
[White "Marta, Dominik"]
[Black "Berta, Sandor"]
[Result "1/2-1/2"]
[WhiteElo "2133"]
[BlackElo "2062"]
[PlyCount "27"]
[EventDate "2019.05.30"]

1. b4 e5 2. Bb2 Bxb4 3. Bxe5 Nf6 4. Nf3 Nc6 5. Bb2 O-O 6. g3 d5 7. Bg2 Re8 8.
O-O Qe7 9. Qc1 a5 10. d3 a4 11. Qg5 h6 12. Bxf6 hxg5 13. Bxe7 Bxe7 14. c3
1/2-1/2

[Event "VIII. hagymatikum Kupa „B”"]
[Site "Makó, Korona Hotel"]
[Date "2019.06.02"]
[Round "6.2"]
[White "Restas, Peter"]
[Black "Kakuk, Sandor"]
[Result "1/2-1/2"]
[WhiteElo "2086"]
[BlackElo "2163"]
[PlyCount "60"]
[EventDate "2019.05.30"]

1. c4 e5 2. Nc3 Nf6 3. g3 d5 4. cxd5 Nxd5 5. Bg2 Be6 6. Nf3 Nc6 7. d3 Be7 8.
O-O O-O 9. Bd2 f6 10. Qb3 Qd6 11. Ne4 Qd7 12. Qc2 Ncb4 13. Qc1 b6 14. d4 Bf5
15. Nh4 Bh3 16. Bxh3 Qxh3 17. a3 g5 18. Ng2 f5 19. Nxg5 Bxg5 20. Bxg5 Nf6 21.
Bxf6 Rxf6 22. axb4 Rh6 23. Nh4 f4 24. dxe5 Rxh4 25. Qc4+ Kh8 26. gxh4 Rg8+ 27.
Qxg8+ Kxg8 28. f3 Qxh4 29. Rxa7 Qg5+ 30. Kf2 Qh4+ 1/2-1/2

[Event "VIII. hagymatikum Kupa „B”"]
[Site "Makó, Korona Hotel"]
[Date "2019.06.02"]
[Round "6.3"]
[White "Csikos, Mihaly"]
[Black "Kocsmar, Akos"]
[Result "1-0"]
[WhiteElo "2044"]
[BlackElo "1769"]
[PlyCount "35"]
[EventDate "2019.05.30"]

1. d4 d5 2. c4 c6 3. e3 e6 4. Nc3 Nf6 5. Nf3 Nbd7 6. Qc2 Bd6 7. Be2 O-O 8. O-O
b6 9. e4 dxe4 10. Nxe4 Nxe4 11. Qxe4 Qc7 12. Bd3 Nf6 13. Qh4 Be7 14. Bf4 Qd8
15. Bg5 h6 16. Bxh6 gxh6 17. Qxh6 Re8 18. Ng5 1-0

[Event "VIII. hagymatikum Kupa „B”"]
[Site "Makó, Korona Hotel"]
[Date "2019.06.02"]
[Round "6.4"]
[White "Abraham, Lajos"]
[Black "Balint, Richard"]
[Result "0-1"]
[WhiteElo "1662"]
[BlackElo "2043"]
[PlyCount "92"]
[EventDate "2019.05.30"]

1. e4 c5 2. Nf3 Nc6 3. d4 cxd4 4. Nxd4 Nf6 5. Nc3 d6 6. Be2 e6 7. O-O Be7 8.
Be3 e5 9. Nb3 O-O 10. a3 Be6 11. Nd2 a6 12. Nc4 b5 13. Nb6 Rb8 14. Nbd5 Bxd5
15. exd5 Na5 16. Bd3 Qc8 17. Bd2 Nc4 18. Bc1 Kh8 19. Kh1 Qc5 20. Qf3 Qd4 21.
Be3 Qg4 22. Qxg4 Nxg4 23. Bc1 Nb6 24. Be3 f5 25. Bxb6 Rxb6 26. f3 Ne3 27. Rfe1
Bg5 28. Re2 g6 29. g3 Rc8 30. Kg1 Kg7 31. Kf2 Nc4 32. Nd1 Bf6 33. Rb1 Rc5 34.
Bxc4 Rxc4 35. Ne3 Rc8 36. b3 Rb7 37. Rd1 Rc3 38. Rdd2 Bg5 39. Rd3 Rbc7 40. Rxc3
Rxc3 41. Ng2 Bc1 42. f4 e4 43. Ne3 Bxa3 44. Re1 Bc5 45. h3 Rxc2+ 46. Kf1 Rc3
0-1

[Event "VIII. hagymatikum Kupa „B”"]
[Site "Makó, Korona Hotel"]
[Date "2019.06.02"]
[Round "6.5"]
[White "Marjanovic, Gyorgy"]
[Black "Hajdu, Istvan"]
[Result "1/2-1/2"]
[WhiteElo "2035"]
[BlackElo "1900"]
[PlyCount "28"]
[EventDate "2019.05.30"]

1. e4 Nc6 2. Nf3 e5 3. Bb5 a6 4. Bxc6 dxc6 5. O-O Bg4 6. h3 h5 7. d3 Bxf3 8.
Qxf3 Qf6 9. Qxf6 Nxf6 10. Be3 O-O-O 11. Nd2 Nd7 12. Nf3 f6 13. d4 exd4 14. Nxd4
Re8 1/2-1/2

[Event "VIII. hagymatikum Kupa „B”"]
[Site "Makó, Korona Hotel"]
[Date "2019.06.02"]
[Round "6.6"]
[White "Molnar, Gabor"]
[Black "Illes, David Mark"]
[Result "1-0"]
[WhiteElo "1999"]
[BlackElo "1846"]
[PlyCount "97"]
[EventDate "2019.05.30"]

1. d4 Nf6 2. Bf4 g6 3. Nc3 d5 4. e3 Bg7 5. h4 c5 6. Nb5 Na6 7. c3 Bd7 8. a4 h5
9. Nf3 O-O 10. Ne5 Bxb5 11. axb5 Nc7 12. dxc5 Ne6 13. c6 bxc6 14. Nxc6 Qd7 15.
Bh2 Nc5 16. Be2 a6 17. O-O axb5 18. Nd4 b4 19. cxb4 Nb7 20. Bb5 Qg4 21. Rxa8
Rxa8 22. Bc6 Qc8 23. Qc2 Ng4 24. Bxd5 Qxc2 25. Nxc2 Nxh2 26. Kxh2 Rb8 27. Bxb7
Rxb7 28. Rb1 e6 29. Kg3 Bf8 30. Kf3 Bxb4 31. Nxb4 Rxb4 32. g3 Kf8 33. Ke2 Ke7
34. Kd3 Kd6 35. Kc3 Kc5 36. b3 Rb7 37. Ra1 Kb5 38. Ra4 Rd7 39. Rb4+ Ka5 40. Rd4
Rc7+ 41. Rc4 Rd7 42. Rf4 Rc7+ 43. Kd3 f5 44. Rc4 Rd7+ 45. Rd4 Re7 46. Rd8 e5
47. Rd6 Rg7 48. Kc4 e4 49. b4+ 1-0

[Event "VIII. hagymatikum Kupa „B”"]
[Site "Makó, Korona Hotel"]
[Date "2019.06.02"]
[Round "6.7"]
[White "Vamosi, Peter Istvan"]
[Black "Retkes, Peter"]
[Result "0-1"]
[WhiteElo "1626"]
[BlackElo "2101"]
[PlyCount "82"]
[EventDate "2019.05.30"]

1. Nf3 d5 2. g3 Nc6 3. d4 Bg4 4. Bg2 Qd7 5. Bf4 f6 6. Nc3 g5 7. Be3 O-O-O 8.
Qd2 e6 9. h4 gxh4 10. Nxh4 Bb4 11. Ng6 hxg6 12. Rxh8 Na5 13. Rh4 Nc4 14. Qc1
Bf5 15. g4 g5 16. Rh2 Bxg4 17. Bd2 Bd6 18. Rh1 Ne7 19. b3 Ba3 20. Qd1 Nxd2 21.
Qxd2 Qc6 22. Nd1 Ng6 23. Ne3 Bb2 24. c4 Bxa1 25. Nxg4 Nh4 26. Rxh4 gxh4 27. e3
Rg8 28. Bf3 Qa6 29. a4 dxc4 30. Be2 c3 31. Qc2 Qc6 32. e4 h3 33. Nh2 Qd6 34. e5
Qxd4 35. Nf3 Qf4 36. Qh7 Qc1+ 37. Bd1 Rd8 38. Qc2 Qf4 39. exf6 h2 40. Nxh2 Rd2
41. Ng4 Rxc2 0-1

[Event "VIII. hagymatikum Kupa „B”"]
[Site "Makó, Korona Hotel"]
[Date "2019.06.02"]
[Round "6.8"]
[White "Bacsi, Kristof"]
[Black "Fabian Nagy, Sandor"]
[Result "0-1"]
[WhiteElo "1695"]
[BlackElo "2021"]
[PlyCount "42"]
[EventDate "2019.05.30"]

1. d4 Nf6 2. Nf3 d5 3. c4 e6 4. Nc3 Be7 5. e3 O-O 6. Bd3 dxc4 7. Bxc4 b6 8. O-O
Bb7 9. Re1 Bb4 10. a3 Bxc3 11. bxc3 Ne4 12. Qc2 Nd7 13. Bd3 Ndf6 14. Nd2 Nxf2
15. Kxf2 Ng4+ 16. Kg3 Qd6+ 17. Kxg4 f5+ 18. Kh3 Rf6 19. Nf3 Rh6+ 20. Nh4 Rxh4+
21. Kxh4 Qxh2+ 0-1

[Event "VIII. hagymatikum Kupa „B”"]
[Site "Makó, Korona Hotel"]
[Date "2019.06.02"]
[Round "6.9"]
[White "Martonosi, Adam"]
[Black "K. Szabo, Jozsef"]
[Result "1-0"]
[WhiteElo "1944"]
[BlackElo "1699"]
[PlyCount "59"]
[EventDate "2019.05.30"]

1. c4 Nf6 2. g3 e6 3. Bg2 d5 4. Nf3 c6 5. d4 Bb4+ 6. Bd2 Qe7 7. Nc3 O-O 8. O-O
Bxc3 9. Bxc3 Nbd7 10. b3 Ne4 11. Bb2 Ndf6 12. Qc2 Ng4 13. Ne5 Nef6 14. Rad1
Nxe5 15. dxe5 Ng4 16. h3 Nh6 17. Rd2 b6 18. Rfd1 Bb7 19. e4 Rac8 20. Qc1 Rfd8
21. Rd3 dxe4 22. Bxe4 Rxd3 23. Rxd3 c5 24. Bxb7 Qxb7 25. Qg5 Qc7 26. g4 Kf8 27.
f4 Ng8 28. f5 Qe7 29. f6 gxf6 30. exf6 1-0

[Event "VIII. hagymatikum Kupa „B”"]
[Site "Makó, Korona Hotel"]
[Date "2019.06.02"]
[Round "6.10"]
[White "Kiss, Laszlo"]
[Black "Vadkerti, Vince"]
[Result "1/2-1/2"]
[WhiteElo "1850"]
[BlackElo "1509"]
[PlyCount "36"]
[EventDate "2019.05.30"]

1. c4 c5 2. Nc3 Nf6 3. g3 e6 4. Bg2 d5 5. d3 Nc6 6. Bg5 d4 7. Ne4 Be7 8. Bxf6
gxf6 9. Nh3 e5 10. f4 Qc7 11. Rf1 Bd7 12. Ng1 a6 13. a3 b5 14. fxe5 fxe5 15.
Nd2 f5 16. Qc2 b4 17. a4 Rb8 18. b3 Bg5 1/2-1/2

[Event "VIII. hagymatikum Kupa „B”"]
[Site "Makó, Korona Hotel"]
[Date "2019.06.02"]
[Round "6.11"]
[White "Turcsanyi, Vince Gergo"]
[Black "Onodi, Miklos"]
[Result "1-0"]
[WhiteElo "1816"]
[BlackElo "1492"]
[PlyCount "111"]
[EventDate "2019.05.30"]

1. e4 c5 2. Nf3 Nc6 3. Bb5 Qc7 4. d3 g6 5. O-O Bg7 6. c3 a6 7. Bxc6 bxc6 8. Be3
Qb7 9. Qc1 Qb5 10. Ne1 Rb8 11. b3 Qa5 12. f4 d5 13. e5 h5 14. Nd2 Nh6 15. b4
cxb4 16. cxb4 Qc7 17. Bc5 Bf8 18. Kh1 e6 19. Nb3 Nf5 20. Nf3 Bxc5 21. Qxc5 Qb6
22. a3 h4 23. Rfc1 Bd7 24. Nfd4 Qxc5 25. Rxc5 Rc8 26. Rac1 Ne7 27. Na5 h3 28.
Naxc6 Nxc6 29. Nxc6 Rh4 30. g3 Rh5 31. a4 g5 32. b5 axb5 33. axb5 Bxc6 34. Rxc6
Rxc6 35. Rxc6 Kd7 36. Rc1 g4 37. Kg1 Rh8 38. Kf2 Rb8 39. Rb1 Kc7 40. Ke3 Kb6
41. f5 Rg8 42. Kf4 Rg7 43. f6 Rg8 44. Rc1 Kb7 45. Rc6 Kb8 46. b6 Rf8 47. Kxg4
Rh8 48. Kf3 Kb7 49. Rd6 Kc8 50. g4 Rh6 51. b7+ Kxb7 52. Rd7+ Kc6 53. Rxf7 Rg6
54. Rg7 Rh6 55. f7 Rh8 56. Rg8 1-0

[Event "VIII. hagymatikum Kupa „B”"]
[Site "Makó, Korona Hotel"]
[Date "2019.06.02"]
[Round "6.12"]
[White "Nagy, Gabor"]
[Black "Toth, Lili"]
[Result "1/2-1/2"]
[WhiteElo "1897"]
[BlackElo "1464"]
[PlyCount "98"]
[EventDate "2019.05.30"]

1. e4 e5 2. Nf3 Nc6 3. d4 exd4 4. Nxd4 Nf6 5. Nxc6 bxc6 6. e5 Qe7 7. Qe2 Nd5 8.
c4 Ba6 9. b3 Qh4 10. g3 Bb4+ 11. Nd2 Qd4 12. Rb1 Nc3 13. Qd3 Qxe5+ 14. Be2 Nxb1
15. Qxb1 O-O 16. Kf1 Bxd2 17. Bxd2 d5 18. Bd3 g6 19. Kg2 Rfe8 20. Qc1 d4 21.
Bf4 Qe7 22. h4 c5 23. h5 Bb7+ 24. f3 Qf6 25. hxg6 fxg6 26. Rh6 Re7 27. Qb1 Rg7
28. b4 Rb8 29. Kf2 Bc6 30. b5 Be8 31. Qe1 Re7 32. Qa5 Qb6 33. Qd2 Bf7 34. a4
Rbe8 35. Rh1 a6 36. a5 Qa7 37. Rb1 Rb8 38. b6 Qa8 39. Be4 Rxe4 40. fxe4 Qxe4
41. Re1 Qf5 42. Re5 Qf6 43. Rxc5 cxb6 44. axb6 Rxb6 45. Rc8+ Kg7 46. Kg2 h5 47.
c5 Rc6 48. Qe1 Re6 49. Qd2 Rc6 1/2-1/2

[Event "VIII. hagymatikum Kupa „B”"]
[Site "Makó, Korona Hotel"]
[Date "2019.06.02"]
[Round "6.13"]
[White "Oltean, Cristian-Daniel"]
[Black "Ats, Laszlo Gyorgy"]
[Result "1/2-1/2"]
[WhiteElo "1689"]
[BlackElo "1969"]
[PlyCount "77"]
[EventDate "2019.05.30"]

1. e4 d5 2. exd5 Qxd5 3. Nc3 Qa5 4. d4 Nf6 5. Nf3 Bg4 6. Be2 e6 7. a3 c6 8. h3
Bh5 9. Ne5 Bxe2 10. Qxe2 Nbd7 11. Bf4 Nd5 12. Bd2 Qb6 13. Nxd5 cxd5 14. Bc3 Rc8
15. O-O Nf6 16. Rfb1 a6 17. Nf3 Bd6 18. Be1 Ne4 19. c3 g5 20. Nd2 Nf6 21. Nf1
h5 22. Bd2 g4 23. h4 Kd7 24. g3 Ne4 25. Ne3 f5 26. Ng2 Qb3 27. Bf4 Be7 28. Be5
Rh7 29. Re1 Rc6 30. Nf4 Rb6 31. Rab1 Qa2 32. Nd3 Nxc3 33. Qc2 Nb5 34. Ra1 Qc4
35. Qd2 Qc8 36. a4 Na7 37. Bf4 Nc6 38. Qe3 Qg8 39. Re2 1/2-1/2

[Event "VIII. hagymatikum Kupa „B”"]
[Site "Makó, Korona Hotel"]
[Date "2019.06.02"]
[Round "6.14"]
[White "Farkas, Virag"]
[Black "Somogyi, Gabor"]
[Result "0-1"]
[WhiteElo "1458"]
[BlackElo "1874"]
[PlyCount "74"]
[EventDate "2019.05.30"]

1. d4 c5 2. e3 Nf6 3. c3 d5 4. Nf3 Nc6 5. Bd3 Bg4 6. Nbd2 e6 7. Qa4 Bxf3 8.
Nxf3 c4 9. Bb1 Be7 10. Ne5 Qc7 11. O-O O-O 12. Nxc6 bxc6 13. h3 Nd7 14. e4 f5
15. e5 c5 16. Qa6 Qb6 17. Qxb6 axb6 18. f4 cxd4 19. cxd4 b5 20. Bc2 b4 21. Bd2
Nb8 22. Be3 Nc6 23. g4 g6 24. g5 Ra6 25. b3 Rfa8 26. Rfc1 Rxa2 27. Rxa2 Rxa2
28. Bd1 Na5 29. Rb1 c3 30. Rc1 Rb2 31. Bf2 Nxb3 32. Bxb3 Rxb3 33. Be1 Ra3 34.
Kf2 Ra2+ 35. Ke3 c2 36. Kd3 b3 37. Bc3 Ba3 0-1

[Event "VIII. hagymatikum Kupa „B”"]
[Site "Makó, Korona Hotel"]
[Date "2019.06.02"]
[Round "6.15"]
[White "Kralik, Attila"]
[Black "Varga, Gabor"]
[Result "0-1"]
[WhiteElo "1631"]
[BlackElo "1855"]
[PlyCount "62"]
[EventDate "2019.05.30"]

1. g3 d5 2. Bg2 e5 3. d3 Nf6 4. Nc3 Bb4 5. Bd2 Nc6 6. a3 Bxc3 7. Bxc3 Bf5 8.
Nf3 Qe7 9. Nh4 Bg6 10. b4 d4 11. Bd2 e4 12. b5 Nd8 13. Bb4 Qe5 14. Nxg6 hxg6
15. dxe4 Nxe4 16. f4 Qf5 17. Qxd4 Nf6 18. O-O-O Qxb5 19. e4 Ne6 20. Qe3 c5 21.
Bc3 Qc4 22. f5 Nc7 23. fxg6 Nb5 24. Bxf6 gxf6 25. gxf7+ Kxf7 26. e5 Nd4 27. e6+
Ke7 28. Be4 Rad8 29. h4 Rd6 30. Rhf1 Rhd8 31. Rxf6 Ne2+ 0-1

[Event "VIII. hagymatikum Kupa „B”"]
[Site "Makó, Korona Hotel"]
[Date "2019.06.02"]
[Round "6.16"]
[White "Marko, Arpad"]
[Black "Kopias, Ferenc"]
[Result "0-1"]
[WhiteElo "1836"]
[BlackElo "1819"]
[PlyCount "62"]
[EventDate "2019.05.30"]

1. e4 c6 2. d4 d5 3. Nc3 dxe4 4. Nxe4 Nd7 5. Nf3 Ngf6 6. Ng3 Qc7 7. a3 e6 8.
Bc4 Nb6 9. Ba2 Bd6 10. Qd3 Nbd5 11. O-O Bd7 12. c4 Nf4 13. Bxf4 Bxf4 14. Ne2
Bd6 15. Nc3 O-O-O 16. b4 Ng4 17. h3 Nh2 18. Rfd1 Nxf3+ 19. Qxf3 Rhf8 20. c5 Be7
21. a4 f5 22. Re1 g5 23. d5 g4 24. Qd3 Qf4 25. d6 Bf6 26. b5 Bd4 27. Re2 Bxc5
28. bxc6 Bxc6 29. Bxe6+ Kb8 30. Nd5 Qxd6 31. Rd1 g3 0-1

[Event "VIII. hagymatikum Kupa „B”"]
[Site "Makó, Korona Hotel"]
[Date "2019.06.02"]
[Round "6.17"]
[White "Tornyai, Jeno"]
[Black "Panda, Gyorgy"]
[Result "1-0"]
[WhiteElo "1860"]
[BlackElo "1653"]
[PlyCount "99"]
[EventDate "2019.05.30"]

1. d4 Nf6 2. Nc3 d5 3. Bg5 e6 4. e4 dxe4 5. Nxe4 Be7 6. Bxf6 Bxf6 7. Nf3 Be7 8.
Bd3 b6 9. Qe2 O-O 10. O-O-O a5 11. Nf6+ Bxf6 12. Qe4 g6 13. Qxa8 Bd7 14. d5 Qe7
15. d6 cxd6 16. Qb7 d5 17. Qxb6 Nc6 18. c3 Rb8 19. Qe3 Rxb2 20. Kxb2 Qb4+ 21.
Kc1 Bxc3 22. Rd2 Nd4 23. Nxd4 Bxd4 24. Qe2 Ba4 25. Rb2 Qa3 26. Bb5 Bxb2+ 27.
Qxb2 Qxb2+ 28. Kxb2 Bxb5 29. Kb3 Kf8 30. a4 Bc4+ 31. Kc3 Ke7 32. Rb1 h6 33.
Rb7+ Kf6 34. Ra7 g5 35. Rxa5 Ke5 36. Ra7 Kf6 37. a5 h5 38. a6 Bb5 39. Kb4 Bf1
40. Rxf7+ Kxf7 41. a7 Bxg2 42. a8=Q h4 43. Qd8 h3 44. Qxg5 Ke8 45. Kc5 Kf7 46.
Kd6 Be4 47. Qe7+ Kg6 48. Qf8 Bf5 49. Ke5 Kh5 50. Qg7 1-0

[Event "VIII. hagymatikum Kupa „B”"]
[Site "Makó, Korona Hotel"]
[Date "2019.06.02"]
[Round "6.18"]
[White "Panda, Barnabas"]
[Black "Csikos, Adam"]
[Result "1-0"]
[WhiteElo "1722"]
[BlackElo "1316"]
[PlyCount "151"]
[EventDate "2019.05.30"]

1. d4 Nf6 2. c4 e5 3. dxe5 Ng4 4. Nf3 Bc5 5. e3 Nc6 6. Be2 Ncxe5 7. O-O h5 8.
Nbd2 h4 9. h3 Nxf3+ 10. Nxf3 Nf6 11. b3 d6 12. Bb2 c6 13. a3 Qe7 14. b4 Bb6 15.
Bd4 Bd7 16. Rc1 Rd8 17. Qd3 Bc8 18. Rfd1 Rh6 19. a4 Nd7 20. a5 Ne5 21. Nxe5
dxe5 22. axb6 axb6 23. Qe4 exd4 24. Qxe7+ Kxe7 25. Rxd4 Rdd6 26. Rcd1 Rdg6 27.
Kf1 Re6 28. Bg4 c5 29. Bxe6 Bxe6 30. bxc5 bxc5 31. Rg4 Bxg4 32. hxg4 b6 33. Ke2
Rg6 34. Kf3 Rf6+ 35. Ke2 Rg6 36. f3 f5 37. gxf5 Rxg2+ 38. Kd3 Rg3 39. Ke4 h3
40. Rh1 Rg2 41. Rxh3 Rc2 42. Kd3 Rb2 43. Rg3 Rb3+ 44. Kd2 Kf6 45. e4 b5 46.
cxb5 Rxb5 47. Rg6+ Kf7 48. e5 Rb3 49. e6+ Kf8 50. f4 c4 51. Kc2 Rf3 52. Rg4 Rd3
53. Rh4 Rf3 54. Rh8+ Ke7 55. Rg8 Rg3 56. Rc8 Kd6 57. Rxc4 Re3 58. Kd2 Rg3 59.
Rd4+ Ke7 60. Rd7+ Ke8 61. Ke2 Kf8 62. Kf2 Rc3 63. Rf7+ Kg8 64. f6 gxf6 65. Rxf6
Rc7 66. Kf3 Kg7 67. Rf5 Kg6 68. Re5 Kf6 69. Ke4 Ra7 70. e7 Rxe7 71. Rxe7 Kxe7
72. Ke5 Kf7 73. Kf5 Kf8 74. Kf6 Kg8 75. Ke7 Kg7 76. f5 1-0

[Event "VIII. hagymatikum Kupa „B”"]
[Site "Makó, Korona Hotel"]
[Date "2019.06.02"]
[Round "6.19"]
[White "Csiki, Laszlo Levente"]
[Black "Lovaszi, Szabolcs"]
[Result "0-1"]
[WhiteElo "1222"]
[BlackElo "1667"]
[PlyCount "72"]
[EventDate "2019.05.30"]

1. e4 g6 2. d4 Bg7 3. Nc3 d6 4. Nf3 Nf6 5. Be3 O-O 6. Qd2 Nc6 7. Be2 e5 8. d5
Ne7 9. h3 a6 10. g4 b5 11. a3 Bd7 12. Bh6 c5 13. dxc6 Bxc6 14. Bd3 Qd7 15. Bxg7
Kxg7 16. O-O-O a5 17. g5 Nh5 18. Ne2 Qb7 19. Qc3 b4 20. Qb3 Bxe4 21. Bxe4 Qxe4
22. Ng3 Nxg3 23. fxg3 bxa3 24. Qxa3 Qb4 25. Qxb4 axb4 26. b3 e4 27. Nd4 d5 28.
Kd2 Rfc8 29. Ra1 Kf8 30. Rhf1 Ke8 31. Nb5 Rxa1 32. Rxa1 Rd8 33. Nd4 Rc8 34. Nb5
Kf8 35. Ra4 Rb8 36. Rxb4 Nc6 0-1

[Event "VIII. hagymatikum Kupa „B”"]
[Site "Makó, Korona Hotel"]
[Date "2019.06.02"]
[Round "6.20"]
[White "Szekely, Eniko Anna"]
[Black "Kardos, Levente"]
[Result "0-1"]
[WhiteElo "1337"]
[BlackElo "1629"]
[PlyCount "62"]
[EventDate "2019.05.30"]

1. d4 Nf6 2. Bf4 d5 3. e3 e6 4. Bd3 c5 5. c3 Nc6 6. Nd2 Qb6 7. Qb3 c4 8. Qxb6
axb6 9. Bc2 b5 10. Ngf3 b4 11. O-O bxc3 12. bxc3 b5 13. Ne5 Nxe5 14. dxe5 Nd7
15. Rfb1 Ra5 16. a4 bxa4 17. Bxa4 Ke7 18. Bg5+ f6 19. Bxd7 Rxa1 20. Rxa1 Bxd7
21. exf6+ gxf6 22. Bh4 Bg7 23. g4 Rc8 24. f4 Ke8 25. g5 fxg5 26. Be1 Bxc3 27.
Ra3 Bb4 28. Ra1 gxf4 29. e4 d4 30. Nf3 Bxe1 31. Rxe1 d3 0-1

[Event "VIII. hagymatikum Kupa „B”"]
[Site "Makó, Korona Hotel"]
[Date "2019.06.02"]
[Round "6.21"]
[White "Csibor, Andras"]
[Black "Balogh, Gyula"]
[Result "1-0"]
[WhiteElo "1786"]
[BlackElo "1372"]
[PlyCount "66"]
[EventDate "2019.05.30"]

1. d4 d5 2. c4 Nf6 3. e3 Bf5 4. Nc3 e6 5. cxd5 Nxd5 6. a3 Nxc3 7. bxc3 Bd6 8.
Bb2 O-O 9. Bd3 Bxd3 10. Qxd3 c6 11. Nf3 Nd7 12. O-O Nf6 13. e4 Be7 14. e5 Nd7
15. Rfd1 Bg5 16. h3 Qe7 17. a4 Rfe8 18. Ba3 Qd8 19. a5 Nf8 20. Qc4 Be7 21. Qb3
Bxa3 22. Rxa3 Re7 23. Qa4 Qc7 24. Rb1 Rb8 25. Rab3 Qc8 26. Ng5 Rc7 27. Ne4 Qd7
28. Nd6 c5 29. Qxd7 Nxd7 30. Nb5 Rc6 31. Nxa7 Ra6 32. Rxb7 Rxb7 33. Rxb7 Nf8
1-0

[Event "VIII. hagymatikum Kupa „B”"]
[Site "Makó, Korona Hotel"]
[Date "2019.06.02"]
[Round "6.23"]
[White "Torok, Csaba"]
[Black "Csomos, Janos"]
[Result "1/2-1/2"]
[WhiteElo "1579"]
[BlackElo "1693"]
[PlyCount "117"]
[EventDate "2019.05.30"]

1. e4 e6 2. d4 d5 3. Nc3 dxe4 4. Nxe4 Nd7 5. Nf3 Ngf6 6. Nxf6+ Nxf6 7. Bf4 Bd6
8. Bxd6 Qxd6 9. c3 b6 10. Bd3 Bb7 11. Qe2 Qf4 12. Qe5 Qxe5+ 13. Nxe5 O-O 14.
O-O Rfd8 15. Rfe1 Nd7 16. Be4 Bxe4 17. Rxe4 Nxe5 18. Rxe5 Rd7 19. b4 Rad8 20.
Rae1 Kf8 21. f4 g6 22. Kf2 c6 23. a4 Rd5 24. R1e2 Ke7 25. Ke1 R8d6 26. Kd2 c5
27. bxc5 bxc5 28. Rxd5 Rxd5 29. Re5 cxd4 30. Re4 dxc3+ 31. Kxc3 Kd7 32. Rb4 Kc7
33. g3 Rd1 34. Rb2 Rd6 35. Rb4 Rb6 36. Re4 Rb1 37. Kc2 Ra1 38. Kb2 Rh1 39. Re2
Kb6 40. Kb3 Rb1+ 41. Ka3 Rd1 42. Rb2+ Ka6 43. Kb4 Rd7 44. Ka3 Rb7 45. Re2 Rd7
46. Rb2 h5 47. Rb3 Rd1 48. h4 Rd7 49. Rc3 Kb6 50. Kb3 Rc7 51. Re3 Kc5 52. Rc3+
Kd6 53. Rd3+ Ke7 54. Kb4 Kf6 55. Kb5 Kf5 56. Ka6 Kg4 57. a5 Rc5 58. Ra3 Rc7 59.
Rb3 1/2-1/2

[Event "VIII. hagymatikum Kupa „B”"]
[Site "Makó, Korona Hotel"]
[Date "2019.06.02"]
[Round "6.24"]
[White "Varga, Szilvia"]
[Black "Marjanovic, Alex"]
[Result "0-1"]
[WhiteElo "1430"]
[BlackElo "1608"]
[PlyCount "120"]
[EventDate "2019.05.30"]

1. e4 e5 2. Nf3 Nc6 3. Nc3 Nf6 4. d4 exd4 5. Nxd4 Bb4 6. Nxc6 bxc6 7. Bd3 O-O
8. O-O d5 9. exd5 cxd5 10. Bd2 Be6 11. a3 Bd6 12. h3 c5 13. Rb1 c4 14. Be2 Rb8
15. Bf3 d4 16. Ne4 Be5 17. Bb4 Nxe4 18. Bxe4 Qg5 19. Qf3 Rfd8 20. Rfd1 Bf6 21.
Bd2 Qc5 22. Bf4 Rbc8 23. Bb7 Bd5 24. Bxd5 Rxd5 25. Bg3 Rcd8 26. Bf4 Qb6 27. Qg3
Qb7 28. Qf3 Qb6 29. Qg3 R8d7 30. Qf3 Rb5 31. b4 Rbd5 32. Qe4 Qe6 33. Re1 Re7
34. Qxe6 fxe6 35. Rbd1 e5 36. Bg3 e4 37. Bf4 g5 38. Bd2 d3 39. c3 Rde5 40. Be3
R5e6 41. Bd2 Re8 42. a4 Be5 43. Kf1 Bf4 44. a5 a6 45. Kg1 e3 46. fxe3 Bxe3+ 47.
Rxe3 Rxe3 48. Bxe3 Rxe3 49. b5 axb5 50. a6 Re7 51. Ra1 Ra7 52. Kf2 Kf7 53. Ra5
h6 54. Ke1 Ke6 55. Kd2 Kd6 56. Rxb5 Rxa6 57. Rb2 Kc5 58. Ke3 Re6+ 59. Kf3 Re1
60. Rb8 d2 0-1